[Event "Max Euwe Match"]
[Site "Amsterdam NED"]
[Date "2010.05.16"]
[Round "4"]
[White "Giri, Anish"]
[Black "Short, Nigel"]
[Result "1-0"]
[WhiteElo "2642"]
[BlackElo "2685"]
[PlyCount "81"]
[EventDate "2010.05.13"]
[EventType "match"]
[EventRounds "4"]
[EventCountry "NED"]

{D07: Damengambit (Tschigorin-Verteidigung)} 1. d4 Nc6 2. Nf3 d5 3. c4 Bg4 4.
cxd5 Bxf3 5. gxf3 Qxd5 6. e3 e5 7. Nc3 Bb4 8. Bd2 Bxc3 9. bxc3 Nf6 10. c4 (10.
Rb1 exd4 11. cxd4 O-O 12. Bg2 Qxa2 13. O-O Rfd8 14. Qc1 Rab8 15. f4 Qe6 16. Qc2
g6 17. Rb5 Nd5 18. Qb3 Nxf4 19. exf4 Qxb3 20. Rxb3 Nxd4 21. Rb2 c5 22. f5 c4
23. Bg5 Rd7 24. Rc1 Re8 {Filippov,V (2619)-Schramm,C (2349)/Bad Woerishofen
2001/CBM 081 ext/1-0 (51)}) 10... Qd6 11. d5 Ne7 12. Rb1 $146 (12. Qa4+ Nd7 13.
Bb4 c5 14. dxc6 Qxc6 15. Qxc6 Nxc6 16. Bd6 b6 17. c5 Nxc5 18. Rc1 O-O-O 19.
Bxc5 bxc5 20. Rxc5 Rd6 21. Bc4 Rhd8 22. O-O Kc7 23. Bxf7 Rd1 24. Bb3 Rxf1+ 25.
Kxf1 Kb6 26. Rc1 Rd6 {Filippov,V (2630)-Franssila,T (2269)/Rethymnon 2003/CBM
098/1-0 (43)}) 12... b6 13. Bb4 c5 14. dxc6 Qxd1+ 15. Rxd1 Nxc6 16. Ba3 Rd8 17.
Bd6 Nd4 18. c5 (18. exd4 $5 Rxd6 19. dxe5 Rxd1+ 20. Kxd1 $14) 18... bxc5 $11
19. Rxd4 cxd4 20. Bb5+ Nd7 21. Rg1 a6 22. Ba4 g6 23. Ke2 f6 24. Rc1 dxe3 25.
fxe3 h5 26. Rc7 Rh7 27. Kd3 Re7 (27... g5 $142 $5 $17) 28. Ke4 Kf7 (28... Rg7
$142 $5 $11) 29. Bxe7 $16 Kxe7 30. Kd5 f5 $4 (30... a5 $142 $14) 31. Rxd7+ (31.
e4 $142 $5 fxe4 32. fxe4 Rb8 33. Rxd7+ Kf6 34. Rd6+ Kg5 35. Kxe5 Rb2 $18) 31...
Rxd7+ 32. Bxd7 Kxd7 33. Kxe5 Ke7 34. h4 g5 (34... Kf7 35. a3 $18) 35. Kxf5 (35.
hxg5 h4 36. Kf4 Kf7 $18) 35... gxh4 36. Kf4 Kf6 37. e4 a5 (37... Kg6 $18) 38.
a4 Kg6 (38... Ke6 39. Ke3 Kd6 40. Kf2 Kc5 41. Kg2 Kc4 42. Kh3 Kb4 43. Kxh4 Kxa4
44. Kxh5 Kb3 45. e5 a4 46. f4 a3 47. e6 a2 48. e7 a1=Q 49. e8=Q Qd1+ 50. Kh6
Qd6+ 51. Kg5 Qd2 52. Qe4 Qd8+ 53. Kg4 Qg8+ 54. Kf3 Qh8 55. f5 Qh1+ 56. Ke3 Qe1+
57. Kd4 Qa1+ 58. Kd5 Qa8+ 59. Ke5 Qb8+ 60. Kf6 Qf8+ 61. Kg6 Qg8+ 62. Kh5 Qh7+
63. Kg4 Qg8+ 64. Kf3 Qh8 65. Qe6+ Kb2 66. Qb6+ Ka1 67. Qa6+ Kb2 68. f6 Qh5+ 69.
Kf4 Qf7 70. Ke5 Qe8+ 71. Qe6 Qb5+ 72. Qd5 Qe2+ 73. Kd6 Qa6+ 74. Qc6 Qa3+ 75.
Kd7 Qd3+ 76. Kc7 Qf5 77. Kb7 Kb1 78. Qb6+ Ka2 79. Qa6+ Kb2 80. Ka8 Kc3 81. Qd6
Qe4+ 82. Ka7 Qc4 83. Kb7 Qb5+ 84. Qb6 Qf5 85. Qc7+ Kd2 86. f7 Qd5+ 87. Ka7 Qd4+
88. Kb8 Qb4+ 89. Kc8 Ke1 90. Qc6 Qg4+ 91. Qd7 Qc4+ 92. Kd8 Qf4 93. Qe7+ Kd2 94.
Ke8 Qf3 95. f8=Q Qh5+ 96. Qff7 Qh8+ 97. Kd7 Qh3+ 98. Qee6 Qd3+ 99. Qd6 Qxd6+
100. Kxd6 Ke2 101. Ke5 Kd3 102. Qb3+ Ke2 103. Qc3 Kd1 104. Ke4 Ke2 105. Qb2+
Ke1 106. Ke3 Kd1 107. Qb1#) 39. Ke3 Kg5 (39... h3 40. Kf2 h2 41. Kg2 h1=Q+ 42.
Kxh1 Kg5 43. Kg2 Kh4 44. Kf2 Kg5 45. Kg3 h4+ 46. Kh3 Kh5 47. e5 Kh6 48. e6 Kh5
49. e7 Kg5 50. e8=Q Kf5 51. Kxh4 Kf6 52. Qb5 Ke6 53. Qxa5 Kd6 54. Qb5 Kc7 55.
Kg5 Kc8 56. Kf6 Kc7 57. Ke6 Kc8 58. Kd6 Kd8 59. Qd7#) 40. Kf2 Kf4 (40... h3 41.
Kg3 h2 42. Kxh2 Kf4 43. Kh3 Kg5 44. Kg3 h4+ 45. Kh3 Kg6 46. e5 Kf5 47. e6 Kf6
48. e7 Kxe7 49. Kxh4 Kf6 50. Kg4 Kg6 51. Kf4 Kf6 52. Ke4 Ke6 53. f4 Kf6 54. Kd3
Kf5 55. Kc4 Kxf4 56. Kb5 Kf5 57. Kxa5 Ke6 58. Kb6 Kd7 59. Kb7 Kd6 60. a5 Ke7
61. Kc6 Kf7 62. a6 Ke6 63. a7 Ke5 64. a8=Q Kd4 65. Qe8 Kc3 66. Qe3+ Kc2 67. Kc5
Kd1 68. Kb4 Kc2 69. Qe2+ Kb1 70. Kb3 Ka1 71. Qd1#) 41. Kg2 (41. Kg2 h3+ 42.
Kxh3 Kg5 (42... Ke5 43. Kh4 Ke6 44. f4 Ke7 45. e5 Ke6 46. Kxh5 Kf5 47. Kh6 Ke6
48. Kg6 Ke7 49. f5 Kf8 50. f6 Kg8 51. e6 Kf8 52. Kh7 Ke8 53. Kg8 Kd8 54. f7 Ke7
55. f8=Q+ Kxe6 56. Qc5 Kf6 57. Qd5 Ke7 58. Kg7 Ke8 59. Kf6 Kf8 60. Qa8#) 43. e5
Kf5 44. Kh4 Kxe5 45. Kg5 h4 46. Kg4 h3 47. Kxh3 Kf4 48. Kg2 Ke5 49. Kf2 Kd4 50.
Kg3 Ke5 51. Kg4 Kf6 52. Kf4 Kg6 53. Ke5 Kf7 54. Kf5 Ke7 55. Kg6 Kf8 56. f4 Kg8
57. f5 Kf8 58. Kf6 Ke8 59. Kg7 $18) 1-0

[Event "WM"]
[Site "Sofia BUL"]
[Date "2010.05.11"]
[Round "12"]
[White "Topalov, Veselin"]
[Black "Anand, Viswanathan"]
[Result "0-1"]
[WhiteElo "2805"]
[BlackElo "2787"]
[PlyCount "112"]
[EventDate "2010.04.24"]
[EventRounds "12"]
[EventCountry "BUL"]

{D56: Damengambit (Moderne Lasker-Verteidigung)} 1. d4 d5 2. c4 e6 3. Nf3 Nf6
4. Nc3 Be7 5. Bg5 h6 6. Bh4 O-O 7. e3 Ne4 8. Bxe7 Qxe7 9. Rc1 c6 10. Be2 Nxc3
11. Rxc3 dxc4 12. Bxc4 Nd7 13. O-O b6 14. Bd3 c5 15. Be4 Rb8 16. Qc2 (16. Qa4
Bb7 17. Bxb7 Rxb7 18. Qc2 a5 19. Rd1 Re8 20. h3 e5 21. dxe5 Nxe5 22. Nxe5 Qxe5
23. Rcd3 Rbe7 24. Rd5 {Anand,V (2790)-Kramnik,V (2772)/Monte Carlo 2001/ 1/2-1/
2}) 16... Nf6 $146 (16... Ba6 17. Rc1 Rfc8 18. h3 cxd4 19. Nxd4 Rxc3 20. Qxc3
Rc8 21. Qd2 {Grischuk,A (2748)-Jakovenko,D (2753)/Dagomys 2009/ 1/2-1/2}) (
16... b5 17. Rc1 b4 18. Rd3 Nf6 19. Bc6 cxd4 20. Rxd4 e5 21. Rd2 Bb7 22. Bxb7
Rxb7 23. h3 g6 24. Qc6 Rfb8 25. Qd6 Kg7 26. Qxe5 b3 27. Qxe7 Rxe7 28. a3 Ne4
29. Rd3 a5 30. Rc4 Rb6 31. Nd4 {Gelfand,B (2712)-Kramnik,V (2772)/Monte Carlo
2001/1/2-1/2}) (16... a5 17. Rd1 Ba6 18. Bc6 cxd4 19. Nxd4 Nc5 20. a3 Qf6 21.
Bf3 a4 22. Nc6 Ra8 23. Rd6 Bb7 24. Rc4 Rfc8 25. Rf4 Rxc6 26. Bxc6 Qe7 27. Bxb7
Qxb7 28. Rb4 Rc8 29. Rbxb6 Qa8 30. h3 Nb7 31. Rdc6 {L'Ami,E (2610)-Jussupow,A 
(2587)/Amsterdam 2008/1-0}) 17. dxc5 Nxe4 18. Qxe4 bxc5 19. Qc2 Bb7 20. Nd2
Rfd8 21. f3 (21. Rxc5 $4 Rxd2 22. Qxd2 Qxc5 $19) 21... Ba6 22. Rf2 Rd7 23. g3
Rbd8 24. Kg2 (24. Rxc5 $4 Rxd2 25. Rxd2 Rxd2 26. Rc8+ Bxc8 27. Qxd2 e5 $19)
24... Bd3 25. Qc1 Ba6 26. Ra3 (26. Rxc5 $4 Rxd2 27. Rxd2 Rxd2+ 28. Qxd2 Qxc5
$19) 26... Bb7 27. Nb3 (27. Rxa7 $2 Bxf3+ 28. Nxf3 Rxa7 $19) 27... Rc7 28. Na5
(28. Rxa7 $2 Bxf3+ 29. Rxf3 Rxa7 $19) 28... Ba8 29. Nc4 e5 30. e4 f5 31. exf5 (
31. Nd2 fxe4 32. Nxe4 Bxe4 33. fxe4 Qe6 $11) 31... e4 32. fxe4 $4 (32. Kh3 exf3
33. Nd2 $15 (33. Raxf3 Bxf3 34. Rxf3 Qe2 $19) (33. Rfxf3 $2 Rd4 34. Rf4 Qe2 $19
)) 32... Qxe4+ $19 33. Kh3 Rd4 34. Ne3 Qe8 35. g4 h5 36. Kh4 g5+ $1 37. fxg6 (
37. Kxg5 $4 Rg7+ 38. Kh4 hxg4 {und das Mattnetz ist geknüpft}) 37... Qxg6 38.
Qf1 Rxg4+ 39. Kh3 Re7 40. Rf8+ (40. Qd1 Rd4 41. Nf5 Qxf5+ 42. Rxf5 Rxd1 43.
Rg3+ Rg7 44. Rxh5 $19) 40... Kg7 41. Nf5+ (41. Rxa8 $4 Rxe3+ $1 42. Qf3 Rxf3+
43. Rxf3 Rh4+ 44. Kxh4 Qg4#) 41... Kh7 42. Rg3 (42. Nxe7 $4 Rh4+ $3 43. Kxh4
Qg4#) (42. Rxa8 $4 Rh4+ $3 43. Kxh4 Qg4#) 42... Rxg3+ 43. hxg3 Qg4+ 44. Kh2
Re2+ 45. Kg1 Rg2+ 46. Qxg2 Bxg2 47. Kxg2 (47. Rf7+ Kg6 48. Rg7+ Kxf5 49. Rxg4
hxg4 50. Kf2 (50. Kxg2 Ke4 51. Kf2 Kd3 52. b3 Kc2 $19) 50... Bd5 51. Ke3 a5 52.
Kd2 Ke4 53. Ke2 Bc4+ 54. Kd2 Kd4 55. Kc2 Bd3+ 56. Kd1 Bb1 57. Ke2 Bg6 58. Kd2
c4 59. Ke2 Bh5 60. Kd2 Bf7 61. a3 Bg6 62. Ke2 a4 63. Kd2 Be8 64. Kd1 Kd3 65.
Ke1 Bb5 66. Kf1 Kd2 67. Kf2 Be8 68. Kg2 Ke1 69. Kh1 Bg6 70. Kh2 Be4 71. Kg1 Ke2
72. Kh2 Kf2 73. b3 axb3 74. a4 b2 75. a5 b1=Q 76. a6 Qg1#) 47... Qe2+ 48. Kh3
c4 49. a4 (49. Rf6 Kg8 $19) 49... a5 50. Rf6 Kg8 51. Nh6+ Kg7 52. Rb6 (52. Rd6
Qxb2 53. Nf5+ Kf7 54. Rd7+ Kf6 55. Nh6 $19) 52... Qe4 53. Kh2 Kh7 (53... h4 54.
Ra6 Qe5 55. Rb6 Qxg3+ 56. Kh1 Qh3+ 57. Kg1 Qe3+ 58. Kf1 Qxb6 59. Nf5+ Kh7 60.
b4 cxb3 61. Ke2 b2 62. Nxh4 b1=Q 63. Nf3 Qe4+ 64. Kd1 Qbb1+ 65. Kd2 Qbc2#) 54.
Rd6 (54. Nf5 Qc2+ 55. Kg1 Qxf5 56. Rb7+ Kg6 57. Rb6+ Kg7 58. Rb7+ Kf6 59. Rb6+
Ke7 $19) 54... Qe5 55. Nf7 Qxb2+ 56. Kh3 Qg7 (56... Qg7 57. Nd8 Qg4+ 58. Kg2 (
58. Kh2 h4 59. gxh4 Qf4+ 60. Kg1 Qxd6 61. Nf7 Qg3+ 62. Kf1 Qf3+ 63. Ke1 Qxf7)
58... h4 59. Rf6 Qxg3+ 60. Kf1 h3 61. Rf7+ Kg6 62. Ke2 h2 63. Rg7+ Kxg7 64.
Ne6+ Kg8 65. Kd2 Qd3+ 66. Kc1 h1=Q+ 67. Kb2 Qhb1#) 0-1

[Event "Presidents Cup"]
[Site "Baku AZE"]
[Date "2010.05.01"]
[Round "6"]
[White "Kramnik, Vladimir"]
[Black "Radjabov, Teimour"]
[Result "1-0"]
[WhiteElo "2790"]
[BlackElo "2740"]
[PlyCount "61"]
[EventDate "2010.04.29"]
[EventType "game"]
[EventCountry "AZE"]

{E94: Königsindisch (Klassisches System)} 1. d4 Nf6 2. c4 g6 3. Nc3 Bg7 4. e4
d6 5. Nf3 O-O 6. Be2 Na6 7. O-O e5 8. Be3 c6 9. d5 Ng4 10. Bg5 f6 11. Bh4 c5
12. a3 (12. h3 Nh6 13. Qd2 Nf7 14. a3 Bh6 15. Qc2 Bf4 16. Bg3 Kg7 17. Ne1 f5
18. exf5 Bxf5 19. Bd3 Bxd3 20. Nxd3 Bxg3 21. fxg3 Nc7 22. b4 b6 23. bxc5 bxc5
24. Rab1 Qe7 25. Ne4 Rfb8 26. Rbe1 Rf8 {Belov,V (2595)-Smirin,I (2668)/Moscow
RUS 2010//1-0}) 12... Bd7 $146 (12... h5 13. Ne1 Nh6 14. f3 Nc7 15. b4 b6 16.
Nc2 g5 17. Be1 Kh8 18. Rb1 Ne8 19. Ne3 Rg8 20. Qc2 Bf8 21. Bd2 Ng7 22. g4 cxb4
23. axb4 Bd7 24. b5 Be7 25. Na2 Rc8 26. Qd1 h4 27. Nb4 {Volkov,S (2627)
-Sabirova,O (2192)/Tashkent AZE 2009/1-0}) 13. Ne1 Nh6 14. f3 Nf7 15. Nd3 Qe7
16. b4 Rfc8 17. Qb3 b6 18. Bf2 f5 19. a4 cxb4 20. Nxb4 Nc5 21. Qb1 Nd8 (21...
Qg5 22. a5 $14) 22. a5 $16 bxa5 23. Rxa5 Ndb7 24. Ra2 Qf8 (24... a5 $5 25. Nc6
Qf7 $16) 25. Na6 Nxa6 (25... Qe7 $5 $16) 26. Qxb7 $18 (26. Rxa6 $6 Nc5 27. Bxc5
Rxc5 $16) 26... Nc7 27. Bxa7 (27. Rxa7 $143 Rab8 28. Qxb8 Rxb8 29. Rxc7 Qd8 $11
) 27... Bh6 28. Kh1 Qd8 29. c5 (29. Bd3 Bf4 $18) 29... dxc5 $2 (29... Rab8 $142
30. Bxb8 Rxb8 $18) 30. d6 $18 Be6 (30... Ne8 31. Bb6 Bc6 32. Bc4+ Kh8 33. Rxa8
Bxb7 34. Bxd8 Rxa8 $18) 31. Bb6 (31. Bb6 Bxa2 32. Bxc7 $18 (32. dxc7 $6 Qd2 33.
Ba5 Bf7 $14)) (31. dxc7 $6 Rxc7 32. Qa6 Bxa2 33. Qxa2+ Kg7 $14) 1-0

[Event "WM"]
[Site "Sofia BUL"]
[Date "2010.04.28"]
[Round "4"]
[White "Anand, Viswanathan"]
[Black "Topalov, Veselin"]
[Result "1-0"]
[WhiteElo "2787"]
[BlackElo "2805"]
[PlyCount "63"]
[EventDate "2010.04.24"]
[EventRounds "12"]
[EventCountry "BUL"]

{E04: Katalanisch} 1. d4 Nf6 2. c4 e6 3. Nf3 d5 4. g3 dxc4 5. Bg2 Bb4+ 6. Bd2
a5 7. Qc2 Bxd2+ 8. Qxd2 c6 9. a4 b5 10. Na3 $146 (10. axb5 cxb5 11. Qg5 O-O 12.
Qxb5 Ba6 13. Qa4 Qb6 14. O-O (14. Nbd2 Bb5 15. Qa3 Nc6 16. O-O Rab8 17. Rfc1
Nxd4 18. Nxd4 Qxd4 19. Nf3 Qb6 20. Qxa5 Qxa5 21. Rxa5 Bc6 22. Rxc4 Bxf3 23.
Bxf3 Rxb2 24. h4 {Leko,P (2756)-Kramnik,V (2759)/Dortmund 2009/ 1/2-1/2}) 14...
Qxb2 15. Nbd2 Bb5 16. Nxc4 Bxa4 17. Nxb2 Bb5 18. Ne5 Ra6 19. Nbd3 Nbd7 20. Rfb1
Nxe5 21. Nc5 Nc6 22. e3 Rb6 23. Bxc6 Rfb8 24. Bf3 a4 25. Nxa4 Bxa4 26. Rxb6
Rxb6 27. Rxa4 g6 28. e4 Rb8 29. e5 Nd7 30. Bc6 Rd8 31. Rb4 g5 32. Kg2 Nf8 33.
Kf3 Ng6 34. Kg4 h6 35. Be4 Kg7 36. Kh5 Ne7 37. h4 gxh4 38. Kxh4 f5 39. Bf3 f4
40. g4 Rc8 41. Be4 Rc1 42. Rb7 Kf8 43. g5 Re1 44. gxh6 Rxe4 45. h7 {Meier,G 
(2664)-Wojtaszek,R (2640)/Novi Sad 2009/ 1-0}) 10... Bd7 11. Ne5 Nd5 12. e4 Nb4
13. O-O O-O 14. Rfd1 Be8 15. d5 Qd6 16. Ng4 Qc5 17. Ne3 N8a6 18. dxc6 bxa4 19.
Naxc4 Bxc6 20. Rac1 h6 21. Nd6 Qa7 22. Ng4 Rad8 $2 (22... f6 $142 $16) 23.
Nxh6+ $18 gxh6 24. Qxh6 f6 25. e5 Bxg2 $4 (25... Qg7 26. Qxg7+ Kxg7 27. Bxc6
fxe5 28. Bxa4 Kf6 $18) 26. exf6 (26. Kxg2 $6 Qh7 (26... fxe5 27. Qg6+ Kh8 28.
Rc4 Rxf2+ 29. Kh3 Qh7+ 30. Rh4 Qxh4+ 31. Kxh4 $18) 27. Qf4 f5 $15) 26... Rxd6 (
26... Nd5 27. Qg5+ Kh8 28. f7 Rxf7 29. Nxf7+ Qxf7 30. Rd4 $18 (30. Kxg2 $6 Rf8
$16)) 27. Rxd6 Be4 28. Rxe6 Nd3 (28... Qh7 29. Qg5+ Bg6 30. f7+ Kxf7 31. Re7+
Kg8 32. Rxh7 Kxh7 $18) 29. Rc2 Qh7 30. f7+ $1 Qxf7 (30... Rxf7 31. Rc8+) (30...
Kxf7 31. Rf6+) (30... Qxf7 31. Qg5+ (31. Rxe4) (31. Rxa6)) 31. Rxe4 Qf5 32. Re7
(32. Re7 Rf7 33. Rc8+ Qxc8 34. Qg6+ Kh8 35. Qh5+ Kg8 36. Qxf7+ Kh8 37. Qg7#)
1-0

[Event "Bundesliga 2009-10"]
[Site "Eppingen GER"]
[Date "2010.04.11"]
[Round "15"]
[White "Spoelman, Wouter"]
[Black "Postny, Evgeny"]
[Result "1-0"]
[WhiteElo "2554"]
[BlackElo "2651"]
[PlyCount "61"]
[EventDate "2009.10.17"]
[EventType "team"]
[EventRounds "15"]
[EventCountry "GER"]

{E44: Nimzoindisch (Rubinstein-System)} 1. d4 Nf6 2. c4 e6 3. Nc3 Bb4 4. e3 b6
5. Nge2 Ne4 6. f3 Bxc3+ 7. bxc3 (7. Nxc3 $143 Qh4+ 8. Ke2 Ng3+ 9. hxg3 Qxh1 $17
) 7... Nd6 8. c5 bxc5 9. dxc5 Nb7 10. Ba3 Qe7 11. Ng3 O-O (11... Nxc5 $143 12.
Qd4 Nd3+ 13. Bxd3 (13. Qxd3 $143 Qxa3 14. Qd4 O-O $17) 13... Qxa3 14. Qxg7 $16)
12. Bd3 (12. Rb1 $5 Nxc5 13. Qd4 Nd3+ 14. Bxd3 Qxa3 15. Be4 $15) 12... Nxc5 $11
13. O-O Qd6 (13... Ba6 14. Ne4 Bxd3 15. Bxc5 $11) 14. Be2 Ba6 15. c4 Rc8 (15...
Bb7 $5 $11) 16. Qc1 $16 Bb7 $2 (16... Qe7 $142 17. Ne4 d6 18. Bxc5 dxc5 $14)
17. Rb1 $18 Bc6 18. Rb5 $1 Nba6 (18... Bxb5 19. cxb5 a6 20. Rd1 Qf8 21. Bxc5 d6
22. Bd4 $18) 19. Ra5 Bb7 20. Bxc5 Nxc5 21. Qa3 Na6 22. c5 Nxc5 23. Rxc5 Bd5 24.
Qc3 Rab8 25. Rd1 Qf8 26. Ba6 Rd8 27. Rxc7 Bc6 (27... g6 28. Ne2 $18) 28. Rxa7 (
28. Ne4 $5 Rb6 29. Nc5 Re8 $18) 28... Ra8 29. Rxa8 Rxa8 30. Bc4 Qc5 31. Qd4 (
31. Qd4 Qxd4 32. Rxd4 $18) 1-0

[Event "74. ch-BUL"]
[Site "Kyustendil BUL"]
[Date "2010.04.09"]
[Round "3"]
[White "Nikolov, Momchil"]
[Black "Chatalbashev, Boris"]
[Result "0-1"]
[WhiteElo "2550"]
[BlackElo "2555"]
[PlyCount "62"]
[EventDate "2010.04.07"]
[EventType "tourn"]
[EventRounds "13"]
[EventCountry "BUL"]
[EventCategory "10"]

{A65: Benoni} 1. d4 d6 2. e4 Nf6 3. f3 (3. Nc3 Nc6 $16) 3... c5 4. d5 e6 5. c4
exd5 6. cxd5 g6 7. Nc3 Bg7 8. Bg5 O-O 9. Qd2 h6 (9... a6 10. h4 $11) 10. Be3 h5
11. Nge2 Nbd7 12. Nc1 Ne5 13. h3 Re8 14. Be2 Nh7 (14... c4 $142 $11) 15. f4 $4
(15. O-O $142 $14) 15... Nd7 $17 16. Nd3 b5 (16... Bxc3 $5 17. bxc3 Nhf6 $17)
17. Nxb5 $15 Ndf6 18. Nf2 (18. e5 $142 $5 Nxd5 19. O-O $15) 18... Nxe4 $17 19.
Nxe4 Rxe4 20. Bd3 Qh4+ (20... Rb4 $142 $5 21. O-O Rxb2 $19) 21. Kf1 $15 Rb4 22.
Rb1 $4 (22. Nxd6 $142 Rxb2 23. Qe1 Qxe1+ 24. Rxe1 $17) 22... Ba6 $19 23. Nc3
Bxd3+ 24. Qxd3 Re8 25. a3 (25. Bf2 Qxf4 26. g3 $19) 25... Rxf4+ 26. Bxf4 Qxf4+
27. Qf3 Qc4+ 28. Kg1 Ng5 29. Qf1 Qh4 30. Ne2 Ne4 (30... Qe4 $142 $5 31. Kh2 $19
) 31. Qf4 (31. Qf3 Nd2 32. Qf2 $19) 31... Bd4+ (31... Bd4+ 32. Kh2 (32. Kf1
Nd2+ 33. Qxd2 Qf2#) 32... Be5 $19) 0-1

[Event "17. Russ. Team-Meisterschaft"]
[Site "Dagomys RUS"]
[Date "2010.04.02"]
[Round "2"]
[White "Eljanov, Pavel"]
[Black "Motylev, Alexander"]
[Result "0-1"]
[WhiteElo "2736"]
[BlackElo "2705"]
[PlyCount "84"]
[EventDate "2010.04.01"]
[EventType "swiss"]
[EventRounds "9"]
[EventCountry "RUS"]

{D31: Damengambit (Halbslawisch)} 1. d4 d5 2. c4 c6 3. Nc3 Nf6 4. e3 e6 5. b3
Bb4 6. Bb2 O-O (6... Ne4 7. Qc2 e5 8. Bd3 (8. cxd5 Bf5 9. Bd3 exd4 10. Bxe4
dxc3 11. Bc1 Bxe4 12. Qxe4+ Qe7 13. Qxe7+ Bxe7 14. Ne2 Bf6 15. Ba3 cxd5 16. Nf4
d4 17. exd4 Nc6 18. d5 c2 19. Rc1 Nd4 20. Kd2 O-O-O 21. Kd3 Be5 {Sokolov,I 
(2662)-Palac,M (2574)/Neum 2005/ 1/2-1/2}) 8... exd4 9. exd4 Nxc3 10. Bxc3 dxc4
11. Bxb4 Qxd4 12. O-O-O cxd3 13. Qxd3 Qxd3 14. Rxd3 Na6 15. Ba3 c5 16. Ne2 O-O
17. Nf4 Bf5 18. Rd6 Rfe8 19. Rhd1 Be4 20. f3 Bc6 21. h4 {Jussupow,A (2610)
-Ivanchuk,V (2719)/Istanbul 2000/ 1/2-1/2}) 7. a3 Bd6 8. Nf3 Nbd7 9. Be2 $146 (
9. Bd3 Re8 10. Qc2 h6 11. O-O b6 12. e4 dxe4 13. Nxe4 Nxe4 14. Bxe4 Bb7 15. Ne5
Qc7 16. Bh7+ Kf8 17. f4 c5 18. Rae1 Nf6 19. dxc5 Bxc5+ 20. Kh1 Rad8 21. Bd3 a5
22. Qe2 Bd4 23. Bc1 Bc5 {Jussupow,A (2610)-Thesing,M (2438)/Germany 2000/ 1/
2-1/2 (37}) 9... b6 10. O-O Bb7 11. b4 Qe7 12. Qc2 dxc4 13. Bxc4 c5 14. dxc5
bxc5 15. b5 Ng4 16. Rfd1 Nde5 17. Nxe5 Nxe5 18. Be2 f5 19. f4 Ng6 20. Bc4 Rad8
21. Rd2 Kh8 22. Rad1 (22. g3 $5 $16) 22... e5 $14 23. Bd5 exf4 24. Bxb7 fxe3
25. Rd5 $4 (25. Nd5 $142 Qxb7 26. Nxe3 $11) 25... Nf4 $17 26. Ne2 $2 (26. Bc6
$142 Nxd5 27. Rxd5 $19) 26... Nxd5 $19 27. Bxd5 Bxh2+ 28. Kxh2 Qh4+ 29. Kg1
Qf2+ 30. Kh2 Qh4+ 31. Kg1 Qf2+ 32. Kh2 Rd6 33. Bxg7+ Kxg7 34. Qc3+ Rff6 35. Rd3
(35. Bb3 Rxd1 36. Bxd1 Qh4+ 37. Kg1 $19) 35... Qh4+ (35... Qxe2 $6 36. Rxe3
Qh5+ 37. Rh3 $11) 36. Kg1 Qf2+ 37. Kh2 f4 (37... Qxe2 $6 38. Rxe3 Qh5+ 39. Rh3
$11) 38. Qe5 Kf8 (38... Qxe2 $6 39. Qe7+ Kh6 40. Be4 $17) 39. Be6 (39. Nxf4
Qxf4+ 40. Qxf4 Rxf4 41. Kg3 $19) 39... Rh6+ (39... Rxd3 $4 40. Qxf6+ Ke8 41.
Qf7+ Kd8 42. Qf8+ Kc7 43. Qxc5+ Kd8 44. Qf8+ Kc7 45. Qc8+ Kd6 46. Qd7+ Ke5 47.
Qe7 $18) (39... Rfxe6 40. Qh8+ Ke7 41. Qg7+ Ke8 42. Qg8+ Kd7 43. Rxd6+ Kxd6 44.
Qd8+ Ke5 45. Qc7+ Kf5 46. Qxh7+ Kf6 47. Qh8+ Kg5 48. Qg7+ Rg6 49. Qe7+ Rf6 50.
Qg7+ Kf5 51. Qh7+ Ke5 52. Qe7+ Kd5 53. Qb7+ Kd6 54. Qc6+ Ke7 55. Qxc5+ Kf7 56.
Qh5+ $11) (39... Rdxe6 $6 40. Rd8+ Kg7 41. Qg5+ Rg6 42. Rd7+ Kh8 43. Rd8+ Kg7
44. Rd7+ Kh8 45. Rd8+ Kg7 $11) 40. Bh3 Rxh3+ $1 (40... Rxd3 $6 41. Qb8+ Kg7 42.
Qxa7+ Kg6 43. Qb6+ Kg5 44. Qxc5+ Kh4 45. Qe7+ Kh5 46. Qe5+ Kh4 47. Qe7+ Kh5 48.
Qe5+ Kh4 49. Qe7+ $11) 41. Kxh3 Rh6+ 42. Kg4 Qxe2+ (42... Qxe2+ 43. Kxf4 Qf2+
44. Ke4 Qxg2+ 45. Kxe3 Rh3+ 46. Kf4 Qh2+ 47. Ke4 Qe2+ 48. Kf5 Rh5+ 49. Ke6
Rxe5+ 50. Kd6 Re7 51. Re3 Qxe3 52. Kc6 Qe5 53. b6 Re6+ 54. Kb7 Rxb6+ 55. Kc8
Ke7 56. a4 Rb8#) 0-1

[Event "Bundesliga 2009-10"]
[Site "Katernberg GER"]
[Date "2010.03.20"]
[Round "12"]
[White "Kempinski, Robert"]
[Black "Volokitin, Andrei"]
[Result "1-0"]
[WhiteElo "2616"]
[BlackElo "2681"]
[PlyCount "81"]
[EventDate "2009.10.17"]
[EventRounds "15"]
[EventCountry "GER"]

{A84: Holländische Verteidigung} 1. d4 f5 2. c4 Nf6 3. Nf3 g6 4. e3 Bg7 5. b4
d6 6. Bb2 O-O 7. Be2 Kh8 8. O-O Be6 9. Nc3 Bg8 10. Qc2 c6 11. a4 Nbd7 12. Rfd1
Qc7 13. b5 e5 14. a5 e4 15. Nd2 c5 16. Nb3 b6 17. dxc5 dxc5 18. Na4 Rae8 19.
Rd2 (19. Qd2 Re6 $14) 19... f4 $11 20. Rad1 (20. exf4 $5 Qxf4 21. Rdd1 $15)
20... fxe3 $15 21. fxe3 Ne5 22. axb6 (22. Bxe5 $5 Qxe5 23. Kh1 $17) 22... axb6
$17 23. Rd6 (23. Qc1 $142 $17) 23... Nd3 $4 (23... Nfg4 $142 24. Bxg4 Nxg4 25.
Bxg7+ Qxg7 $19) 24. Rxb6 $14 Nxb2 25. Rc6 (25. Qxb2 Ng4 26. Qxg7+ Qxg7 27. Bxg4
Qh6 28. Naxc5 Qxe3+ 29. Kh1 Bxc4 $19) 25... Qxc6 26. bxc6 Nxa4 27. Na5 Nb6 28.
Qb3 Nc8 29. Qa3 Re5 30. Nb7 Ne7 31. c7 Rc8 32. Qa5 Ne8 $2 (32... Nc6 $142 33.
Qb6 Re7 $11) 33. Nd6 $18 Nxd6 34. Rxd6 h5 35. Rd7 Re6 $2 (35... Rf8 $142 36. h4
Kh7 $18) 36. Qxc5 Nc6 (36... Bf6 37. Qb5 Kg7 38. Qb7 $18) 37. Qg5 Rf6 (37...
Ne5 38. Qd8 Rxd8 39. cxd8=Q Nxd7 40. Qxd7 $18) 38. Qb5 Bh6 (38... Rcf8 39. Qc5
Rc8 $18) 39. Qc5 (39. Qb2 $142 Bxe3+ 40. Kh1 Bg5 $18) 39... Bf8 $4 (39... Bf7
40. Kh1 Be8 $18) 40. Qb6 Bd6 41. Qb7 (41. Qb7 Rxc7 42. Rxc7 Bxc7 43. Qxc7 $18)
(41. Qxc6 $4 Bxh2+ 42. Kxh2 Rxc6 $19) 1-0

[Event "11. Einzel EM"]
[Site "Rijeka CRO"]
[Date "2010.03.15"]
[Round "9"]
[White "Nepomniachtchi, Ian"]
[Black "Jobava, Baadur"]
[Result "1-0"]
[WhiteElo "2656"]
[BlackElo "2695"]
[PlyCount "61"]
[EventDate "2010.03.06"]
[EventType "swiss"]
[EventRounds "11"]
[EventCountry "CRO"]

{B12: Caro-Kann (Vorstoss-Variante)} 1. e4 c6 2. d4 d5 3. f3 Qb6 4. a4 $146 (4.
Nc3 dxe4 5. Nxe4 Nf6 (5... Bf5 6. c3 Nd7 7. Bd3 e5 8. Ne2 exd4 9. cxd4 Bb4+ 10.
Bd2 Ne7 11. O-O O-O 12. Kh1 Bxd2 13. Qxd2 Rad8 14. Rac1 Bg6 15. Bc4 Qc7 16. b4
Nb6 17. Bb3 Nbd5 18. b5 Qb6 19. bxc6 Nxc6 20. Rc5 {Timofeev,A (2655)-Jobava,B 
(2695)/Rijeka  2010/0-1}) 6. c3 Bf5 7. Bd3 Bg6 8. Qe2 e6 9. Nh3 Nbd7 10. Be3
Nxe4 11. fxe4 e5 12. O-O Be7 13. Kh1 O-O 14. dxe5 Bc5 15. Bf4 Rfe8 16. e6 fxe6
17. Bc4 Kh8 18. Ng5 e5 {Timofeev,A (2671)-Gagunashvili,M (2585)/Budva 2009/1-0}
) 4... e5 5. dxe5 dxe4 6. a5 Qc7 7. f4 Nh6 8. Nc3 Bb4 9. Bd2 e3 (9... Bxc3 $5
10. Bxc3 O-O $14) 10. Bxe3 $16 O-O 11. Nf3 Rd8 12. Bd3 Na6 13. Qe2 Bxa5 14. O-O
Nb4 15. Be4 Bf5 16. Kh1 Bb6 17. Bxb6 Qxb6 18. Ng5 c5 19. Rae1 Qg6 20. Bxb7 Nxc2
$2 (20... Rab8 21. Be4 Qa6 $18) 21. Nd5 Rxd5 22. Bxd5 (22. Bxa8 $6 Rd8 23. e6
fxe6 $16 (23... Rxa8 24. exf7+ Qxf7 25. Nxf7 Nxe1 26. Nxh6+ gxh6 27. Qc4+ Kf8
28. Rxe1 Rd8 29. Qxc5+ Kg8 30. Qxf5 a5 31. Qe6+ Kg7 32. Qe7+ Kh8 33. Qxd8+ Kg7
34. Qe7+ Kg6 35. g4 a4 36. f5#) (23... Nxe1 $4 24. e7 Qd6 25. Qe5 (25. Qxe1 Re8
$17) 25... Qxe7 26. Qxe7 Rxa8 27. Rxe1 $18)) 22... Bd3 23. Qf3 (23. Qd2 $142 $5
Re8 24. f5 Bxf5 $18) 23... Re8 24. e6 Nxe1 25. Rxe1 fxe6 (25... Kh8 26. Bc6 Re7
$18) 26. Rxe6 Kh8 27. h3 Rxe6 28. Bxe6 (28. Nxe6 $6 Bf5 29. Ng5 Qe8 $18) 28...
Bb5 (28... Be4 29. Qxe4 Qxe4 30. Nxe4 g6 $18) 29. f5 Qe8 30. f6 Qf8 (30... Nf7
31. Nxf7+ Kg8 32. Qg3 g6 33. Nh6+ Kh8 34. Qe5 Qf7 35. Bxf7 Bc6 36. Bd5 Bxd5 37.
f7#) 31. f7 (31. f7 Ng4 32. Bxg4 Bc4 33. Qe4 Qg8 34. f8=Q h6 35. Qh7#) 1-0